Movies Quiz

Random Movies or Pixar Quiz

Obscure Knowledge - Pixar Movies Quiz Stats

 Plays Quiz Updated Nov 7, 2019

Score 0/21 Timer 02:00
35 Plays Today
Percent Guessed Movie % Correct
95.2%???
100%
89.3%???
98.2%
88.8%???
97%
76.2%???
96.3%
75.4%???
94.1%
72.9%???
92.7%
71.4%???
92.4%
71.0%???
90.1%
68.1%???
86.8%
69.4%???
86.5%
65.1%???
79.2%
Percent Guessed Movie % Correct
64.3%???
74.3%
59.9%???
61.2%
54.2%???
58.7%
51.8%???
50.7%
50.0%???
47.4%
49.9%???
42.3%
43.9%???
38.4%
40.9%???
33.8%
37.8%???
26.9%
34.9%???
22.4%

You're not logged in!

Compare scores with friends on all Sporcle quizzes.
OR
Log In

Sporcle TV

Today on Sporcle TV


Watch our educational content, quiz creation guides, and fun videos on Sporcle TV.

Show Comments

Extras

Top Quizzes Today


Score Distribution

Your Account Isn't Verified!

In order to create a playlist on Sporcle, you need to verify the email address you used during registration. Go to your Sporcle Settings to finish the process.

Report this User

Report this user for behavior that violates our Community Guidelines.

Details: